Sports Quiz

Random Sports or Football Quiz
Score 0/8 Timer 02:00
0 Plays Today
% Correct
Arsenal
91.3%
AC Milan
85.6%
Real Madrid
84.8%
Celtic
80.9%
Shakhtar Donetsk
72.6%
Porto
71.8%
Valencia
70.8%
Galatasaray
69.7%

You're not logged in!

Compare scores with friends on all Sporcle quizzes.
OR
Log In

Sporcle TV

Today on Sporcle TV


Watch our educational content, quiz creation guides, and fun videos on Sporcle TV.

Show Comments

Extras

Top Quizzes Today


Score Distribution

Paid Content

Your Account Isn't Verified!

In order to create a playlist on Sporcle, you need to verify the email address you used during registration. Go to your Sporcle Settings to finish the process.

Report this User

Report this user for behavior that violates our Community Guidelines.

Details: